000 00211 a2200097 4500
001 14997
100 _aDavies S
245 _aExploring the world
260 _aLahore
_bRoutledge Kegan
_c
090 _c11752
_d11752
942 _aNUST-CAE
_cM
_c1950
999 _c250070
_d250070